000 00375nam a2200157Ia 4500
008 151213s9999 xx 000 0 und d
100 _aK.K. Dewett
245 _aModern Economic Theory
_cK.K. Dewett
250 _a27th
260 _aDelhi
_bS. Chand Co.
_c2006
300 _a4191 p.
650 _aEconomics
650 _aEconomics
700 _aK.K. Dewett
999 _c2615
_d2615